Green functions for ordered and disordered systems
Αποθηκεύτηκε σε:
| Κύριος συγγραφέας: | |
|---|---|
| Μορφή: | Βιβλίο |
| Γλώσσα: | English |
| Δημοσίευση: |
Amsterdam : New York :
North-Holland ;, Sole distributors for the USA and Canada, Elsevier Science Pub. Co.,
c1992
|
| Σειρά: | Studies in mathematical physics ;
; v. 4 |
| Θέματα: | |
| Ετικέτες: |
Προσθήκη ετικέτας
Δεν υπάρχουν, Καταχωρήστε ετικέτα πρώτοι!
|
MARC
| LEADER | 00000nam a2200000 i 4500 | ||
|---|---|---|---|
| 001 | 1/9567 | ||
| 008 | 000822s1992 eng d | ||
| 020 | |a 0-444-88986-8 | ||
| 035 | |l 10063108 | ||
| 040 | |a GR-MY-UA |b gre |e aacr | ||
| 041 | 0 | |a eng | |
| 082 | 0 | |a 530.416 | |
| 100 | 1 | |a Gonis, Antonios |d 1945- | |
| 245 | 1 | 0 | |a Green functions for ordered and disordered systems / |c Antonios Gonis |
| 260 | |a Amsterdam : |a New York : |b North-Holland ;, |b Sole distributors for the USA and Canada, Elsevier Science Pub. Co., |c c1992 | ||
| 300 | |a xxi, 694 p.; |b ill.; |c 23 cm. | ||
| 490 | 1 | |a Studies in mathematical physics |v ; v. 4 | |
| 504 | |a Includes bibliographical references and index | ||
| 650 | 0 | 0 | |a Order-disorder models. |
| 650 | 0 | 0 | |a Energy-band theory of solids. |
| 650 | 0 | 0 | |a Multiple scattering (Physics) |
| 650 | 0 | 0 | |a Green's functions. |
| 830 | 0 | |a Studies in mathematical physics ; |v ; v. 4 | |
| 852 | |a INST |b SAMOS |e 20000822 |h 530.416 GON |p 005300018982 |q 005300018982 |t BK |y 0 | ||
| 901 | |a BIBL3-2000-2 | ||
| 909 | |a Σ |b 080786 | ||
| 922 | |a 3ΕΛΗ |b 200007 |c ΚΠΣ |d ΠΑΠΑΣΩΤΗΡΙΟΥ | ||
| 950 | |a 116-1999-12-30 | ||
| 970 | |a ΚΟΣΙΕΡΗΣ |b ΧΡΗΣΤΟΣ |z 2000/08/23 | ||